Wrestlers By Picture 36: 2000's Tag Teams - Statistics

General Stats
  • This quiz has been taken 60 times
  • The average score is 10 of 16
Answer Stats
Picture Answer % Correct
The Hardy Boyz
98%
The Dudley Boys
96%
Edge & Christian
87%
Brothers of Destruction
85%
APA
80%
Los Guerreros
72%
The Legacy
67%
MNM
63%
Motor City Machine Guns
56%
The Colons
56%
World's Greatest Tag Team
56%
Beer Money
52%
The Briscoe Brothers
52%
3 Minute Warning
46%
Second City Saints
17%
Kings of Wrestling
15%
No matching quizzes found
Score Distribution
Percent of People with Each Score
Percentile by Number Answered
Your Score History
You have not taken this quiz